| 000 | 004690000a22001690004500 | ||
|---|---|---|---|
| 090 |
_aAR _b01361 |
||
| 245 | 1 | 0 | _aOn the measurement of morphology and its change |
| 650 | 1 | 4 |
_aMorfología _992917 |
| 650 | 1 | 4 |
_aSistemática _93510 |
| 650 | 1 | 4 |
_aFilogenética _94310 |
| 650 | 1 | 4 |
_aEvolución _992797 |
| 041 | 0 | _aInglés | |
| 700 | 1 |
_aChapman, Ralph E. _994663 |
|
| 100 | 1 |
_aBenson, Richard H. _994664 |
|
| 942 | _cARTICULO | ||
| 773 | 1 |
_tPaleology _3493 _h4 _q328-339 _d1982 _g8 |
|
| 999 |
_c10446 _d10446 |
||